| Tag |
First Indicator |
Second Indicator |
Subfields |
| LEADER |
00000cam a2200000 i 4500 |
| 001 |
in00000027148 |
| 005 |
20151007055915.0 |
| 008 |
771123s1976 iluab b s00010 eng |
| 010 |
|
|
|a 77623303
|
| 035 |
|
|
|a (OCoLC)02852016
|
| 035 |
|
|
|9 AAB9621AM
|
| 040 |
|
|
|a DLC
|c DLC
|d m.c.
|d m/c
|d TXA
|d UtOrBLW
|
| 043 |
|
|
|a n-us-il
|
| 049 |
|
|
|a TXAM
|c [A11650580]
|
| 050 |
0 |
0 |
|a QE105
|b .A45 no. 497
|a QE106.S65
|
| 082 |
0 |
|
|a 557.73/08 s
|a 624/.1517/77356
|
| 092 |
|
|
|a 559.773
|b B
|
| 100 |
1 |
|
|a Bergstrom, Robert Edward.
|
| 245 |
1 |
0 |
|a Geology for planning in the Springfield-Decatur region, Illinois /
|c Robert E. Bergstrom, Kemal Piskin, and Leon R. Follmer.
|
| 264 |
|
1 |
|a Urbana :
|b Illinois State Geological Survey,
|c 1976.
|
| 300 |
|
|
|a 76 pages :
|b illustrations, maps (7 folded in pocket) ;
|c 26 cm.
|
| 336 |
|
|
|a text
|b txt
|2 rdacontent
|
| 337 |
|
|
|a unmediated
|b n
|2 rdamedia
|
| 338 |
|
|
|a volume
|b nc
|2 rdacarrier
|
| 490 |
1 |
|
|a Circular / Illinois State Geological Survey ;
|v 497
|
| 500 |
|
|
|a Cover title.
|
| 504 |
|
|
|a Bibliography: pages 55-57.
|
| 650 |
|
0 |
|a Geology
|z Illinois
|z Springfield Region.
|
| 650 |
|
0 |
|a Land use
|x Planning
|z Illinois
|z Springfield Region.
|
| 700 |
1 |
|
|a Piskin, Kemal.
|
| 700 |
1 |
|
|a Follmer, Leon R.
|
| 830 |
|
0 |
|a Circular (Illinois State Geological Survey) ;
|v 497.
|
| 999 |
|
|
|a MARS
|
| 999 |
f |
f |
|s f749251a-86c8-3a19-bb75-b126bb72a6e8
|i 468b46cb-cc87-3cf2-ac49-86d8d8545010
|t 0
|
| 952 |
f |
f |
|p ric
|a Texas A&M University
|b Rellis Campus
|c Joint Library Facility
|s JLF
|d Remote Storage
|t 0
|e QE105 .A45 no.497
|h Library of Congress classification
|i unmediated -- volume
|m A14811650580
|
| 952 |
f |
f |
|a Texas A&M University
|b College Station
|c Sterling C. Evans Library
|s Evans halb
|d Halbouty Reading Rm (Halbouty Bldg 173) (Does not check out)
|t 0
|e 559.773 B
|h Dewey Decimal classification
|
| 998 |
f |
f |
|a 559.773 B
|t 0
|l Halbouty Reading Rm (Halbouty Bldg 173) (Does not check out)
|
| 998 |
f |
f |
|a QE105 .A45 no.497
|t 0
|l Remote Storage
|